Más allá de la frontera / (Registro nro. 8870)

Detalles MARC
000 -LIDER
fixed length control field 00900nam a22003017a 4500
001 - NÚMERO DE CONTROL
Identificador de número de control 86174
003 - IDENTIFICACDOR DE NÚMERO DE CONTROL
control field DO-SdBNP
005 - DATE AND TIME OF LATEST TRANSACTION
control field 20180222103931.0
007 - CAMPOS FIJOS DE DESCRIPCIÓN FÍSICA
fixed length control field 86174
008 - ELEMENTOS DE LONGITUD FIJA
fixed length control field 901102s1988 sp a spa
016 7# - NO. DE CONTROL DE LA AGENCIA BIB. NACIONAL
Source BPMSU
020 ## - ISBN
International Standard Book Number 8477222401
040 ## - FUENTE DE CATALOGACIÓN
Agencia que crea de manera original el registro BPMSU
Idioma de catalogación spa
Agencia que realiza la transcripción BPMSU
082 #4 - NÚMERO DE CLASIFICACIÓN DECIMAL DE DEWEY
Classification number xxx
Item number xxx
100 1# - ASIENTO PRINCIPAL -- NOMBRE PERSONAL
Nombre personal Montgomery, R. A.
240 1# - TITULO UNIFORME
Título uniforme Beyond Escape!
245 10 - MENCIÓN DE TITULO
Título Más allá de la frontera /
Mención de responsabilidad R.A. Montgomery ; ilustraciones Frank Bolle ; traducción Tere Casanovas
260 ## - PUBLICACIÓN, DISTRIBUCIÓN, ETC. (PIE DE IMPRENTA)
Lugar de publicación, distribución, etc Barcelona :
Nombre del editor, distribuidor, etc. Timun Mas,
Fecha de publicación, distribución, etc 1988.
300 ## - DESCRIPCIÓN FÍSICA
Extensión 112 p. ;
Otros detalles físicos il.:
Dimensiones 18 cm.
490 1# - MENCIÓN DE SERIES
Mención de serie Elige tu propia aventura
Volume/sequential designation 48
500 ## - NOTA GENERAL
Nota general Traducción de: Beyond escape!
700 1# - ASIENTO SECUNDARIO -- NOMBRE PERSONAL
Nombre personal Bolle, Frank
Mención de responsabilidad il.
700 1# - ASIENTO SECUNDARIO -- NOMBRE PERSONAL
Nombre personal Casanovas, Tere
Término de relación traductor
830 ## - ASIENTO SECUNDARIO DE SERIE--TÍTULO UNIFORME
Título uniforme Elige tu propia aventura
Volume number/sequential designation 48
942 ## - ADDED ENTRY ELEMENTS (KOHA)
Source of classification or shelving scheme Dewey Decimal Classification
Koha item type Libros
945 ## - INFORMACIÓN DE PROCESAMIENTO LOCAL
Información de procesamiento local Inventariado, 2018/ YL
956 ## - LOCAL ELECTRONIC LOCATION AND ACCESS (OCLC)
Nombre de host VMATEO
Método de acceso 10
Materiales especificados 20151123
Enlace BPMSU
Campo enlazado y núm. de secuencia 00151
Existencias
Withdrawn status Lost status Source of classification or shelving scheme Damaged status Not for loan Collection code Home library Current library Date acquired Source of acquisition Total Checkouts Full call number Barcode Date last seen Copy number Price effective from Koha item type
    Dewey Decimal Classification     Colección Infantil General Biblioteca Pública Metropolitana Salomé Ureña Biblioteca Pública Metropolitana Salomé Ureña 11/23/2015 FUNDI   xxx xxx BPMSU15110441 11/23/2015 FUNDI 11/23/2015 Libros